[Event "CZE-chT U18 Extraliga West 1617"]
[Site "Czech Republic"]
[Date "2016.10.01"]
[Round "2.3"]
[White "Tajovska, Martina"]
[Black "Novy, Filip"]
[Result "0-1"]
[WhiteElo "1842"]
[BlackElo "2007"]
[PlyCount "52"]
[EventDate "2016.10.01"]
[EventType "team-tourn"]
[EventRounds "11"]
[EventCountry "CZE"]
[SourceTitle "EXT 2022"]
[Source "ChessBase"]
[SourceDate "2021.10.06"]
[SourceVersion "1"]
[SourceVersionDate "2021.10.06"]
[SourceQuality "1"]
[WhiteTeam "Bustehrad U18"]
[BlackTeam "Praha Oaza U18"]
[WhiteTeamCountry "CZE"]
[BlackTeamCountry "CZE"]

1. e4 c5 2. Nc3 a6 3. f4 b5 4. Nf3 Bb7 5. d3 e6 6. g3 d5 7. exd5 exd5 8. Bg2 Nf6 9. 0-0 Be7 10. d4 0-0 11. Ne5 Ne4 12. Be3 f6 13. Nd3 cxd4 14. Bxd4 Nc6 15. Bf2 f5 16. Nxe4 dxe4 17. Nc5 Bxc5 18. Bxc5 Rf7 19. Qxd8+ Rxd8 20. Rad1 Rfd7 21. Rxd7 Rxd7 22. Rf2 Nd4 23. Bf1 e3 24. Bxd4 exf2+ 25. Bxf2 Rd2 26. Bd3 Be4 0-1

[Event "CZE-chT U18 Extraliga West 1516"]
[Site "Czech Republic"]
[Date "2015.11.28"]
[Round "5.4"]
[White "Novy, Filip"]
[Black "Hurdzan, Tomas"]
[Result "1-0"]
[WhiteElo "1892"]
[BlackElo "2019"]
[PlyCount "121"]
[EventDate "2015.10.03"]
[EventType "team-tourn"]
[EventRounds "11"]
[EventCountry "CZE"]
[SourceTitle "EXT 2022"]
[Source "ChessBase"]
[SourceDate "2021.10.06"]
[SourceVersion "1"]
[SourceVersionDate "2021.10.06"]
[SourceQuality "1"]
[WhiteTeam "Praha Oaza U18"]
[BlackTeam "Klatovy U18"]
[WhiteTeamCountry "CZE"]
[BlackTeamCountry "CZE"]

1. e4 c5 2. Nf3 Nc6 3. d4 cxd4 4. Nxd4 Nf6 5. Nc3 e6 6. Ndb5 Bb4 7. a3 Bxc3+ 8. Nxc3 d5 9. exd5 exd5 10. Bd3 0-0 11. 0-0 d4 12. Ne4 Bf5 13. Bg5 Bxe4 14. Bxe4 h6 15. Bh4 g5 16. Bxc6 bxc6 17. Bg3 Qd5 18. f4 Ne4 19. Qd3 f5 20. Rad1 Rad8 21. Bf2 Qe6 22. Qa6 Nxf2 23. Rxf2 Rd7 24. Re2 Qd6 25. Qc4+ Qd5 26. Rxd4 Qxc4 27. Rxc4 Rd6 28. Kf2 Kf7 29. Re5 Kg6 30. h3 Rf7 31. Rec5 Rc7 32. b4 a6 33. a4 gxf4 34. Kf3 Kg5 35. h4+ Kg6 36. Kxf4 Rf6 37. Ra5 Ra7 38. Rcc5 Rd6 39. c3 Re7 40. Rxf5 Rd2 41. Rae5 Red7 42. Re6+ Kg7 43. g3 R7d3 44. Rxc6 Rf2+ 45. Kg4 Rg2 46. Rf3 h5+ 47. Kf4 Rd7 48. Rxa6 Re7 49. Kg5 Re4 50. Rg6+ Kh7 51. Kxh5 Re5+ 52. Rg5 Re6 53. Rf7+ Kh8 54. Rc5 Re8 55. g4 Rge2 56. b5 Rg8 57. Rc6 Rd8 58. Kh6 Kg8 59. Rg7+ Kh8 60. Rh7+ Kg8 61. Rg6+ 1-0

[Event "CZE-chT U18 Extraliga West 1516"]
[Site "Czech Republic"]
[Date "2015.10.03"]
[Round "2.4"]
[White "Vitak, Jiri"]
[Black "Novy, Filip"]
[Result "0-1"]
[WhiteElo "1782"]
[BlackElo "1892"]
[PlyCount "70"]
[EventDate "2015.10.03"]
[EventType "team-tourn"]
[EventRounds "11"]
[EventCountry "CZE"]
[SourceTitle "EXT 2022"]
[Source "ChessBase"]
[SourceDate "2021.10.06"]
[SourceVersion "1"]
[SourceVersionDate "2021.10.06"]
[SourceQuality "1"]
[WhiteTeam "Liberec Desko U18"]
[BlackTeam "Praha Oaza U18"]
[WhiteTeamCountry "CZE"]
[BlackTeamCountry "CZE"]

1. e4 c5 2. Nf3 e6 3. d4 cxd4 4. Nxd4 Nf6 5. Nc3 d6 6. Bg5 Be7 7. Bc4 a6 8. Bb3 b5 9. a3 0-0 10. f4 Qc7 11. Qe2 Re8 12. 0-0-0 Nbd7 13. Rhe1 Nc5 14. Ba2 Bb7 15. Bxf6 Bxf6 16. e5 dxe5 17. fxe5 Be7 18. Qg4 Bf8 19. Rd2 Rab8 20. Qf4 Ba8 21. Nf3 b4 22. axb4 Rxb4 23. Qe3 Reb8 24. b3 Rc8 25. Kb2 Qa5 26. Rd4 Nxb3 27. Bxb3 Rxd4 28. Ra1 Qxc3+ 29. Qxc3 Rxc3 30. Nxd4 Rc5 31. Rxa6 Bxg2 32. c4 g5 33. Kc3 h5 34. Bd1 g4 35. Ra2 Rxc4+ 0-1

[Event "CZE-chT2C 1415"]
[Site "Czech Republic"]
[Date "2015.02.08"]
[Round "7.8"]
[White "Novy, Filip"]
[Black "Bajer, Jiri"]
[Result "0-1"]
[WhiteElo "1789"]
[BlackElo "1862"]
[PlyCount "94"]
[EventDate "2014.11.02"]
[EventType "team-tourn"]
[EventRounds "11"]
[EventCountry "CZE"]
[SourceTitle "EXT 2022"]
[Source "ChessBase"]
[SourceDate "2021.10.06"]
[SourceVersion "1"]
[SourceVersionDate "2021.10.06"]
[SourceQuality "1"]
[WhiteTeam "Praha Oaza"]
[BlackTeam "Jihlava Silko Gambit"]
[WhiteTeamCountry "CZE"]
[BlackTeamCountry "CZE"]

1. e4 e5 2. Nf3 Nc6 3. d4 exd4 4. Bc4 Be7 5. c3 d6 6. cxd4 Nf6 7. Nc3 0-0 8. h3 a6 9. a4 b6 10. Bf4 Nd7 11. g4 Bb7 12. g5 Kh8 13. h4 Nb4 14. d5 f5 15. Nd4 Qe8 16. Ne6 Nc5 17. Nxc7 Qc8 18. Nxa8 Bxa8 19. e5 Ne4 20. Qe2 Nxc3 21. bxc3 Nc2+ 22. Kd2 Nxa1 23. exd6 Bd8 24. Rxa1 Qc5 25. Qe3 Qxc4 26. Qd4 Qxd5 27. Qxd5 Bxd5 28. Re1 Bc6 29. Ra1 Re8 30. Kd3 Kg8 31. c4 Kf7 32. Bh2 Re6 33. Bf4 Ke8 34. Bh2 Kd7 35. Bf4 Re4 36. Bg3 f4 37. Bh2 Kxd6 38. Rd1 Bc7 39. c5+ Kxc5 40. Rc1+ Kd5 41. Rxc6 Rd4+ 42. Kc3 Be5 43. Rxb6 Ke4 44. a5 Ra4+ 45. Kb3 Rxa5 46. f3+ Kxf3 47. Bg1 Rb5+ 0-1

[Event "CZE-chT2C 1415"]
[Site "Czech Republic"]
[Date "2014.12.14"]
[Round "4.8"]
[White "Novy, Filip"]
[Black "Hurtak, Otto"]
[Result "1/2-1/2"]
[WhiteElo "1789"]
[BlackElo "2009"]
[PlyCount "43"]
[EventDate "2014.11.02"]
[EventType "team-tourn"]
[EventRounds "11"]
[EventCountry "CZE"]
[SourceTitle "EXT 2022"]
[Source "ChessBase"]
[SourceDate "2021.10.06"]
[SourceVersion "1"]
[SourceVersionDate "2021.10.06"]
[SourceQuality "1"]
[WhiteTeam "Praha Oaza"]
[BlackTeam "Praha Bohemians II"]
[WhiteTeamCountry "CZE"]
[BlackTeamCountry "CZE"]

1. e4 c5 2. Nf3 a6 3. c4 Nc6 4. d4 cxd4 5. Nxd4 Nf6 6. Nc3 e5 7. Nc2 Bc5 8. Be2 d6 9. 0-0 0-0 10. Bg5 Be6 11. Qd2 Nd4 12. Ne3 h6 13. Bxf6 Qxf6 14. Ned5 Qh4 15. Bd3 Bg4 16. Rfc1 f5 17. b4 Ba7 18. Ne3 f4 19. Nxg4 Qxg4 20. Kh1 f3 21. g3 Ne2 22. Bxe2 1/2-1/2

[Event "CZE-ch U14"]
[Site "Kouty nad Desnou"]
[Date "2014.03.15"]
[Round "9"]
[White "Novy, Filip"]
[Black "Miesbauer, Jan"]
[Result "1/2-1/2"]
[WhiteElo "1817"]
[BlackElo "1991"]
[PlyCount "61"]
[EventDate "2014.03.08"]
[EventType "swiss"]
[EventRounds "9"]
[EventCountry "CZE"]
[SourceTitle "EXT 2015"]
[Source "ChessBase"]
[SourceDate "2014.11.20"]
[SourceVersion "1"]
[SourceVersionDate "2014.11.20"]
[SourceQuality "1"]

1. e4 c5 2. Nf3 d6 3. d4 cxd4 4. Nxd4 Nf6 5. Nc3 Nc6 6. Bg5 e6 7. Qd2 a6 8. 0-0-0 Bd7 9. f4 Be7 10. Be2 b5 11. e5 b4 12. exf6 gxf6 13. Bf3 bxc3 14. Qxc3 Nxd4 15. Qxd4 Rb8 16. Bh4 d5 17. c3 Rg8 18. Rhe1 Rc8 19. Bxd5 Rg4 20. g3 Rxh4 21. gxh4 exd5 22. Qxd5 Be6 23. Qe4 Qa5 24. Qxh7 Qxa2 25. Qh8+ Bf8 26. Qxf6 Qa1+ 27. Kc2 Qa4+ 28. Kb1 Qa2+ 29. Kc1 Qa1+ 30. Kc2 Qa4+ 31. Kb1 1/2-1/2

[Event "CZE-ch U14"]
[Site "Kouty nad Desnou"]
[Date "2014.03.10"]
[Round "3"]
[White "Novy, Filip"]
[Black "Chwistek, Karel"]
[Result "0-1"]
[WhiteElo "1817"]
[BlackElo "1697"]
[PlyCount "52"]
[EventDate "2014.03.08"]
[EventType "swiss"]
[EventRounds "9"]
[EventCountry "CZE"]
[SourceTitle "EXT 2015"]
[Source "ChessBase"]
[SourceDate "2014.11.20"]
[SourceVersion "1"]
[SourceVersionDate "2014.11.20"]
[SourceQuality "1"]

1. e4 c5 2. Nf3 Nc6 3. d4 cxd4 4. Nxd4 g6 5. Nc3 Bg7 6. Be3 Nf6 7. Bc4 0-0 8. Bb3 d6 9. f3 Bd7 10. Qd2 Na5 11. 0-0-0 Nxb3+ 12. Nxb3 b5 13. g4 b4 14. Ne2 a5 15. e5 a4 16. exf6 axb3 17. cxb3 Bxf6 18. Kb1 Qa5 19. Nc1 Bc6 20. Qd3 Rfc8 21. Bd2 Bxb2 22. Bxb4 Qxb4 23. Kxb2 Qa3+ 24. Ka1 Be4 25. Qd2 Rc2 26. fxe4 Qb2# 0-1